000 00560nam a2200205Ia 4500
003 OSt
005 20220926040818.0
006 a|||||r|||| 00| 0
007 ta
008 220923b |||||||| |||| 00| 0 eng d
037 _cGeneral Book
040 _aRTL
_cRTL
_beng
041 _2eng
_aeng
082 _aXxL23:g, K7
100 _aChaudhuri Asoke Kumar
_9344140
245 0 _aWealth of nations
_b An analysis with special refere
260 _c1967
942 _hXxL23:g, K7
_cGB
_2CC
999 _c665700
_d665700